| 000 | 00541cam a2200193ua 4500 | ||
|---|---|---|---|
| 001 | 422 | ||
| 008 | 110331n ii |||gr||||Z||||||eng | ||
| 020 | _a81-207-0060-0 | ||
| 040 | _cMAIN | ||
| 082 | _a327.101 | ||
| 245 | 1 | 1 |
_aInternational relations and politics. : _btheoretical perspective. / _cBy J.C Johari. |
| 250 | _a1st. | ||
| 260 |
_aJalandhar.: _bSterling publishers.,985. |
||
| 300 | _ax, 408 p.:4 cm. | ||
| 653 | _aPolitical science. | ||
| 653 | _aInternational relations and politics. | ||
| 700 | 1 | _aJohari, J.C., | |
| 942 | _cBK | ||
| 999 |
_c367 _d367 |
||